[Event "Druzynowe Mistrzostwa Polski Seniorow - II Liga"]
[Site "Szczyrk, CKiR Orle Gniazdo ul. Wrzosowa 28a "]
[Date "1899-12-30"]
[Round "2.43"]
[White "Tokarski, Lukasz"]
[Black "Tustanowski, Robert"]
[Result "1/2-1/2"]
[WhiteTitle "FM"]
[BlackTitle "m"]
[WhiteElo "2214"]
[BlackElo "2242"]

1. e4 e5 2. Nf3 Nc6 3. Bb5 a6 4. Ba4 Nf6 5. O-O b5 6. Bb3 Bc5 7. c3 Bb6 8. d4 d6
9. h3 Bb7 10. Re1 h6 11. a4 Rb8 12. axb5 axb5 13. Na3 exd4 14. cxd4 Na5 15. Bc2
b4 16. e5 dxe5 17. Rxe5+ Kf8 18. Nb5 c6 19. Bd2 cxb5 20. Bxb4+ Kg8 21. Be7 Bxf3
22. Qxf3 Qxd4 23. Re2 Bc7 24. Rd1 Qf4 25. Qxf4 Bxf4 26. g3 Bc7 27. Bxf6 gxf6 28.
Rd7 Be5 29. Be4 Nc4 30. Bd5 Rh7 31. Be4 Rg7 32. b3 Nb6 33. Re7 b4 34. Kg2 Na8
35. Rd7 Nb6 36. Re7 f5 37. Bxf5 f6 38. Re6 Kf8 39. Re4 Nd5 40. Rh4 Ne7 41. Bd3
Ng8 42. Bc4 Bc3 43. Rhe4 Rd8 44. Rh4 Rb8 45. Kf3 Rc7 1/2-1/2

[Event "Druzynowe Mistrzostwa Polski Seniorow - II Liga"]
[Site "Szczyrk, CKiR Orle Gniazdo ul. Wrzosowa 28a "]
[Date "1899-12-30"]
[Round "2.44"]
[White "Olszynski, Kazimierz"]
[Black "Gumula, Daniel"]
[Result "1-0"]
[WhiteTitle "k+"]
[BlackTitle "FM"]
[WhiteElo "2170"]
[BlackElo "2272"]

1. e4 g6 2. f4 c6 3. Nf3 d5 4. e5 h5 5. Be2 Nh6 6. c3 Na6 7. Na3 Nc7 8. Nc2 Bg4
9. O-O Ne6 10. Nfd4 Qb6 11. Kh1 Ng7 12. a4 a5 13. Ne3 Bxe2 14. Qxe2 e6 15. Ndc2
Nhf5 16. d3 Bc5 17. g3 Bxe3 18. Bxe3 Nxe3 19. Nxe3 Nf5 20. Nxf5 gxf5 21. h4 d4
22. Rfb1 O-O-O 23. Kh2 dxc3 24. bxc3 Qa6 25. Rd1 Rd7 26. Rab1 Rhd8 27. c4 Qa7
28. Rb3 Qc5 29. Kg2 Rg8 30. Rdb1 Rg4 31. Qf3 Kb8 32. R1b2 Ka7 33. Qe2 Rg8 34.
Kh2 Ka6 35. Qxh5 Rg4 36. Qh8 Qa7 37. c5 Qxc5 38. Qa8+ 1-0

[Event "Druzynowe Mistrzostwa Polski Seniorow - II Liga"]
[Site "Szczyrk, CKiR Orle Gniazdo ul. Wrzosowa 28a "]
[Date "1899-12-30"]
[Round "2.45"]
[White "Pinkas, Karol"]
[Black "Siekaniec, Jan"]
[Result "1/2-1/2"]
[WhiteTitle "IM"]
[BlackTitle "k"]
[WhiteElo "2268"]
[BlackElo "2013"]

1. e4 c5 2. Nf3 e6 3. Nc3 a6 4. d4 cxd4 5. Nxd4 Qc7 6. g3 Nf6 7. Bg2 d6 8. O-O
Be7 9. Re1 O-O 10. g4 Nc6 11. Nxc6 bxc6 12. g5 Nd7 13. f4 d5 14. e5 Rd8 15. Qh5
Nf8 16. Kh1 Rb8 17. a3 Bd7 18. Qg4 Rb7 19. h4 Rdb8 20. h5 c5 21. Qg3 c4 22. f5
Bc5 23. g6 hxg6 24. hxg6 Bc6 25. fxe6 fxe6 26. Rf1 Bd4 27. Rxf8+ Kxf8 28. Qf4+
Ke7 29. Qf7+ Kd8 30. Bg5+ Kc8 31. Qf8+ Kd7 32. Qxg7+ Kc8 33. Qg8+ Kd7 34. Qf7+
Kc8 35. Qg8+ Kd7 36. Qf7+ Kc8 37. Qg8+ Kd7 38. Qf7+ Kc8 39. Qg8+ Kd7 40. Qf7+
Kc8 1/2-1/2

[Event "Druzynowe Mistrzostwa Polski Seniorow - II Liga"]
[Site "Szczyrk, CKiR Orle Gniazdo ul. Wrzosowa 28a "]
[Date "1899-12-30"]
[Round "2.46"]
[White "Szczesniak, Konrad"]
[Black "Lapaj, Mateusz"]
[Result "1/2-1/2"]
[WhiteTitle "k"]
[BlackTitle "k+"]
[WhiteElo "2112"]
[BlackElo "2107"]

1. d4 Nf6 2. Nf3 g6 3. Bf4 Bg7 4. e3 d6 5. Bd3 Nbd7 6. Nbd2 c5 7. c3 O-O 8. Qb3
cxd4 9. cxd4 Qb6 10. Rc1 Qxb3 11. Nxb3 Nb6 12. e4 a5 13. h3 Be6 14. d5 Bd7 15.
Be3 Na4 16. Bd4 b6 17. O-O Nc5 18. Nxc5 bxc5 19. Bc3 Rfb8 20. Rfe1 Nh5 21. e5
Nf4 22. Bc4 Bb5 23. Bxb5 Rxb5 24. a4 Rb7 25. Rcd1 c4 26. Re4 Nd3 27. Rd2 Rc8 28.
Rde2 dxe5 29. Nxe5 Bxe5 30. Bxe5 f5 31. Rh4 Nxe5 32. Rxe5 h5 33. Re2 Kf7 34. Rd4
Rb4 35. d6 e6 36. d7 Rd8 37. Rd6 Rxa4 38. Rexe6 Rxd7 39. Rf6+ Ke7 40. Rde6+ Kd8
41. Rxg6 Rb4 42. Ra6 Rxb2 43. Rg8+ Kc7 44. Ra7+ Rb7 45. Rxa5 Rd6 46. Ra4 Rc6 47.
Rg7+ Kb8 48. Rg8+ Kc7 49. Rg7+ Kb8 50. Rg8+ Kc7 51. Rg7+ Kb8 1/2-1/2

[Event "Druzynowe Mistrzostwa Polski Seniorow - II Liga"]
[Site "Szczyrk, CKiR Orle Gniazdo ul. Wrzosowa 28a "]
[Date "1899-12-30"]
[Round "2.47"]
[White "Siedlinski, Piotr"]
[Black "Tustanowski, Mateusz"]
[Result "1/2-1/2"]
[WhiteTitle "k"]
[BlackTitle "I"]
[WhiteElo "2022"]
[BlackElo "1826"]

1. e4 e5 2. Nf3 Nc6 3. Nc3 Bc5 4. Nxe5 Nxe5 5. d4 Bd6 6. dxe5 Bxe5 7. Bd2 Nf6 8.
Bd3 d6 9. Qe2 Qe7 10. O-O-O Be6 11. Kb1 O-O-O 12. h3 Rhe8 13. Qe3 c5 14. Bb5 Bd7
15. Bxd7+ Rxd7 16. Nd5 Nxd5 17. exd5 Qd8 18. Rhe1 Rde7 19. Qd3 g6 20. c3 Qd7 21.
Re3 f5 22. Rde1 Bf6 23. Rxe7 Rxe7 24. Rxe7 Qxe7 25. Qe3 Qxe3 26. Bxe3 a6 27. c4
b5 28. b3 b4 29. Kc2 Kd7 30. Kd3 Ke7 31. Bf4 Bd4 32. f3 Bf6 33. Bc1 Kd7 34. a3
a5 35. a4 Be5 36. Bg5 Bg7 37. Ke2 Bd4 38. g4 fxg4 39. fxg4 Bg7 40. Kf3 h6 41.
Bf4 Ke7 42. Ke4 Bf8 43. h4 Kf7 44. Bc1 Be7 45. h5 g5 46. Kf5 Bf6 47. Be3 Be7 48.
Bd2 1/2-1/2

[Event "Druzynowe Mistrzostwa Polski Seniorow - II Liga"]
[Site "Szczyrk, CKiR Orle Gniazdo ul. Wrzosowa 28a "]
[Date "1899-12-30"]
[Round "2.48"]
[White "Buksa, Ewelina"]
[Black "Guzik, Jolanta"]
[Result "0-1"]
[WhiteTitle "I"]
[BlackTitle "WFM"]
[WhiteElo "1614"]
[BlackElo "2040"]

1. e4 d5 2. exd5 Qxd5 3. d4 e5 4. dxe5 Qxd1+ 5. Kxd1 Nc6 6. Bf4 Bf5 7. c3 O-O-O
8. Nd2 Bc5 9. Bg3 f6 10. exf6 Nxf6 11. Kc1 Rhe8 12. Ngf3 Ng4 13. Bc4 Nxf2 14.
Re1 Rxe1+ 15. Nxe1 Be3 16. Nef3 Ne4 17. Be1 Ne5 18. Nxe5 Nxd2 19. Bxd2 Bxd2+ 20.
Kd1 Bf4+ 0-1

[Event "Druzynowe Mistrzostwa Polski Seniorow - II Liga"]
[Site "Szczyrk, CKiR Orle Gniazdo ul. Wrzosowa 28a "]
[Date "1899-12-30"]
[Round "2.49"]
[White "Skomial, Mateusz"]
[Black "Jurkiewicz, Krzysztof"]
[Result "1-0"]
[WhiteTitle "I+"]
[BlackTitle "m"]
[WhiteElo "2019"]
[BlackElo "2320"]

1. e4 d5 2. exd5 Qxd5 3. d4 Nc6 4. Be3 e5 5. c4 Qa5+ 6. Nc3 exd4 7. Bxd4 Nxd4 8.
Qxd4 Bd6 9. Nf3 Nf6 10. Bd3 O-O 11. O-O Bg4 12. Nd5 Bxf3 13. Nxf6+ gxf6 14. gxf3
Qg5+ 15. Qg4 Kh8 16. Qxg5 fxg5 17. Rfe1 Rad8 18. Rad1 f6 19. Bc2 Kg7 20. h3 h6
21. b3 Kf7 22. Rd5 c6 23. Rd3 Be5 24. Rxd8 Rxd8 25. Rd1 Bd4 26. Re1 Rd6 27. Kf1
b5 28. cxb5 cxb5 29. a4 bxa4 30. bxa4 Rc6 31. Be4 Rc3 32. Rd1 Bb6 33. Rd2 Ra3
34. Ra2 Rc3 35. a5 Bd8 36. a6 f5 37. Bxf5 Rxf3 38. Bg4 Rf4 39. Rd2 Bb6 40. Rd7+
Kf6 41. Rd6+ Ke5 42. Re6+ Kd4 43. Rxb6 1-0

[Event "Druzynowe Mistrzostwa Polski Seniorow - II Liga"]
[Site "Szczyrk, CKiR Orle Gniazdo ul. Wrzosowa 28a "]
[Date "1899-12-30"]
[Round "2.50"]
[White "Zielinski, Wojciech"]
[Black "Kopczyk, Daniel"]
[Result "1/2-1/2"]
[WhiteTitle "I++"]
[BlackTitle "k"]
[WhiteElo "2203"]
[BlackElo "2178"]

1. e4 d6 2. d4 Nf6 3. Nc3 g6 4. f3 c6 5. Be3 Bg7 6. Qd2 h5 7. O-O-O Na6 8. h4 b5
9. e5 dxe5 10. dxe5 Qxd2+ 11. Rxd2 b4 12. exf6 bxc3 13. bxc3 Bxf6 14. Bd4 Nc7
15. Bxf6 exf6 16. Ne2 Ne6 17. Nd4 Nxd4 18. cxd4 Be6 19. Bd3 O-O-O 20. c3 Kc7 21.
Re1 Rhg8 22. f4 Kd6 23. Rf1 Bg4 24. Bc4 Rd7 25. Re1 Rb8 26. Rb2 Rxb2 27. Kxb2
Be6 28. Bb3 Rb7 29. Kc2 Re7 30. Kd2 Rb7 31. Kc2 Re7 32. Kd2 Rb7 33. Kc2 Re7 34.
Kd2 1/2-1/2

[Event "Druzynowe Mistrzostwa Polski Seniorow - II Liga"]
[Site "Szczyrk, CKiR Orle Gniazdo ul. Wrzosowa 28a "]
[Date "1899-12-30"]
[Round "2.51"]
[White "Cukrowski, Filip"]
[Black "Bugalski, Michal"]
[Result "1/2-1/2"]
[WhiteTitle "k"]
[BlackTitle "k"]
[WhiteElo "2170"]
[BlackElo "2183"]

1. e4 e5 2. Nf3 Nc6 3. Bb5 Nf6 4. O-O Nxe4 5. d4 Nd6 6. Bxc6 dxc6 7. dxe5 Nf5 8.
Qxd8+ Kxd8 9. h3 Ke8 10. Bf4 h6 11. Nbd2 Be6 12. g4 Ne7 13. Nd4 Rd8 14. Nxe6 fxe6
15. Nb3 b6 16. a4 c5 17. Rad1 Rxd1 18. Rxd1 Nc6 19. Bg3 a6 20. Kg2 Be7 21. f4
Rf8 22. h4 Nb4 23. c4 Bxh4 24. Bxh4 Rxf4 25. Rd8+ Kf7 26. Rd7+ Kg6 27. Kg3 Rxc4
28. Be7 Nc6 29. Bf8 Nxe5 30. Rxg7+ Kf6 31. Rxc7 Rxg4+ 32. Kh3 Rxa4 33. Bxh6 Rb4
34. Bg7+ Kf5 35. Nc1 Re4 36. Rc8 Re1 37. Rf8+ Ke4 38. Na2 Re3+ 39. Kg2 Ng6 40.
Rf2 Nf4+ 41. Kf1 Nd5 42. Re2 b5 43. Bh6 Rxe2 44. Kxe2 b4 45. Kd2 c4 46. Nxb4 Nxb4
47. Kc3 Nd3 48. Kxc4 Nxb2+ 49. Kc5 Na4+ 50. Kb4 Nb6 51. Ka5 Nd5 52. Bg7 Nc7 53.
Kb6 Ne8 54. Ba1 Nd6 55. Kxa6 Nc4 56. Bh8 Nd6 1/2-1/2

[Event "Druzynowe Mistrzostwa Polski Seniorow - II Liga"]
[Site "Szczyrk, CKiR Orle Gniazdo ul. Wrzosowa 28a "]
[Date "1899-12-30"]
[Round "2.52"]
[White "Zielinski, Stanislaw"]
[Black "Sycz, Michal"]
[Result "1-0"]
[WhiteTitle "I++"]
[BlackTitle "I++"]
[WhiteElo "2162"]
[BlackElo "2024"]

1. e4 d6 2. d4 Nd7 3. f4 g6 4. Nf3 Bg7 5. Bc4 e6 6. O-O Ne7 7. Bb3 c5 8. c3 O-O
9. Be3 b6 10. Nbd2 Qc7 11. Bf2 Bb7 12. Bh4 Nf6 13. Qe2 Rae8 14. h3 Nh5 15. Qe3
d5 16. Bxe7 Rxe7 17. e5 Ng3 18. Rf2 f5 19. Ng5 Ne4 20. Ndxe4 fxe4 21. h4 h6 22.
Nh3 Ref7 23. Bd1 Qe7 24. g3 Ba6 25. Bg4 cxd4 26. cxd4 Rc8 27. h5 gxh5 28. Bxh5
Rff8 29. Bg6 Rc4 30. f5 exf5 31. Bxf5 Bc8 32. Bxc8 Rfxc8 33. Nf4 Qg5 34. Rd1 Qg4
35. Rdf1 Rd8 36. Kg2 a5 37. Rh1 a4 38. Rh4 Qg5 39. Qe2 Re8 40. Nh5 Re7 41. Rg4
Qc1 42. Nxg7 Kh7 43. Nh5 1-0

[Event "Druzynowe Mistrzostwa Polski Seniorow - II Liga"]
[Site "Szczyrk, CKiR Orle Gniazdo ul. Wrzosowa 28a "]
[Date "1899-12-30"]
[Round "2.53"]
[White "Wozniak, Maciej"]
[Black "Zaleski, Lukasz"]
[Result "0-1"]
[WhiteTitle "k"]
[BlackTitle "I+"]
[WhiteElo "2148"]
[BlackElo "2006"]

1. e4 e6 2. d4 d5 3. Nc3 Nf6 4. Bg5 dxe4 5. Nxe4 Nbd7 6. Bd3 Be7 7. Qe2 c5 8. Nf3
Qc7 9. O-O c4 10. Bxc4 Nxe4 11. Bxe7 Kxe7 12. d5 Nd6 13. Bb3 Nc5 14. Rfd1 Nxb3
15. cxb3 Re8 16. Rac1 Qb6 17. Ng5 h6 18. Ne4 Nxe4 19. Qxe4 Rd8 20. Qe5 Kf8 21.
d6 f6 22. Qg3 e5 23. Qd3 Be6 24. Qc3 Rac8 25. Qd3 Rxc1 26. Rxc1 Qxd6 27. Qxd6+
Rxd6 0-1

[Event "Druzynowe Mistrzostwa Polski Seniorow - II Liga"]
[Site "Szczyrk, CKiR Orle Gniazdo ul. Wrzosowa 28a "]
[Date "1899-12-30"]
[Round "2.54"]
[White "Jurkiewicz, Joanna"]
[Black "Mucha, Magdalena"]
[Result "0-1"]
[WhiteTitle "I++"]
[BlackTitle "WCM"]
[WhiteElo "1772"]
[BlackElo "1976"]

1. e4 c5 2. Nf3 a6 3. d4 cxd4 4. Nxd4 Nf6 5. Nc3 e5 6. Nf5 d5 7. Ng3 d4 8. Nce2
Nc6 9. Bg5 h6 10. Bd2 Qb6 11. Rb1 d3 12. Nc1 Bg4 13. f3 dxc2 14. Qxc2 Nd4 15.
Qa4+ Bd7 16. Qa5 Qe6 17. Nd3 Bd6 18. Rc1 O-O 19. Be2 b6 20. Qxb6 Rfb8 21. Qa5
Rb5 22. Nc5 Rxa5 23. Nxe6 Nxe2 24. Nxe2 Rxa2 25. Nc5 Rxb2 26. Nd3 Rb3 27. Bc3
Bb5 28. Nxe5 Rxc3 29. Nxc3 Bxe5 30. Nxb5 axb5 31. O-O b4 32. Rb1 Bd4+ 33. Kh1
Bc3 34. Rfd1 Rb8 35. Rd3 Ra8 36. g4 Kf8 37. h4 Ke7 38. e5 Nd7 39. f4 Ra1 40. Rxa1
Bxa1 41. Kg2 Bc3 42. Kf2 Nb6 43. Ke2 Nc4 44. h5 Ke6 45. Rd8 b3 46. Kd3 b2 47.
Re8+ Kd7 48. Rb8 Na3 49. Kxc3 b1=Q 50. Rxb1 Nxb1+ 51. Kd4 Nd2 52. Ke3 Nb3 53.
f5 f6 54. Ke4 Nd2+ 55. Kd5 fxe5 56. Kxe5 Nf3+ 57. Kf4 Ng5 58. Ke5 Ke7 59. Kf4
Kf6 60. Ke3 Nf7 61. Ke4 Kg5 62. Kd5 Kxg4 63. Ke6 Ng5+ 64. Ke5 Kxh5 65. Kf4 Nf7
66. f6 gxf6 67. Kf5 Kh4 68. Kxf6 Nd6 0-1

[Event "Druzynowe Mistrzostwa Polski Seniorow - II Liga"]
[Site "Szczyrk, CKiR Orle Gniazdo ul. Wrzosowa 28a "]
[Date "1899-12-30"]
[Round "2.56"]
[White "Borgula, Rafal"]
[Black "Sarwinski, Miroslaw"]
[Result "1/2-1/2"]
[WhiteTitle "FM"]
[BlackTitle "IM"]
[WhiteElo "2271"]
[BlackElo "2313"]

1. d4 Nf6 2. Nf3 e6 3. e3 b6 4. Bd3 Bb7 5. O-O Be7 6. b3 O-O 7. Bb2 d5 8. Qe2 Nbd7
9. Nbd2 c5 10. c4 Ne4 11. cxd5 exd5 12. Rac1 Bf6 13. Rfd1 Qb8 14. Ba6 Rd8 15.
Nf1 Bxa6 16. Qxa6 b5 17. Ba1 c4 18. a4 Qd6 19. axb5 cxb3 20. Rb1 Qxa6 21. bxa6
Rab8 22. Rd3 Rb6 23. Rbxb3 Rxa6 24. Ra3 Rxa3 25. Rxa3 Ra8 26. Ra5 Nb6 27. Ne5
Bxe5 28. dxe5 a6 29. Bd4 Nc4 30. Rxd5 a5 31. f3 Ned2 32. Nxd2 Nxd2 33. Bc3 Nb3
34. Rb5 a4 35. Bb2 Nd2 36. Rb4 Nb1 37. Bd4 Na3 38. Bc5 h5 39. Kf2 Kh7 40. Ke2
Ra5 41. Bb6 Rxe5 42. Rxa4 Nb5 43. Ba5 Rc5 44. Ra2 Kg6 45. Bd2 Rg5 46. Kf2 Rd5
47. Rb2 Nd6 48. Rc2 f6 49. e4 Rd3 50. Bf4 Nb5 51. Rc5 Nc3 52. h4 Na4 53. Rc4 Nb6
54. Rb4 Nd7 55. Rb5 Nf8 56. Rb6 Kf7 57. Be3 Rd7 58. Rb5 Kg6 59. f4 Rc7 60. Kf3
Nd7 61. Rd5 Rb7 62. g3 Rc7 63. Rd3 Kf7 64. Ra3 Rb7 65. Bd4 Nf8 66. Ra5 Kg6 67.
Ra6 Kf7 68. Ra3 Rd7 69. Be3 Rb7 70. g4 hxg4+ 71. Kxg4 Nd7 72. h5 Rb5 73. Rd3 f5+
74. Kh4 Nf8 75. Rd5 Rxd5 76. exd5 g6 77. h6 Nh7 78. Bd4 Ke7 79. Be5 Kd7 80. Kg3
Ke7 81. Kf3 Kd7 82. Ke3 Ke7 83. Kd4 Kd7 84. Kc5 Nf8 85. Bg7 Nh7 86. d6 g5 87.
fxg5 Nxg5 88. Be5 f4 89. Kd4 Nf7 90. Bxf4 Nxh6 91. Bxh6 1/2-1/2

[Event "Druzynowe Mistrzostwa Polski Seniorow - II Liga"]
[Site "Szczyrk, CKiR Orle Gniazdo ul. Wrzosowa 28a "]
[Date "1899-12-30"]
[Round "2.57"]
[White "Morkisz, Bogdan"]
[Black "Robak, Zbigniew"]
[Result "1/2-1/2"]
[WhiteTitle "k"]
[BlackTitle "m"]
[WhiteElo "2123"]
[BlackElo "2211"]

1. e4 d5 2. exd5 Nf6 3. Nc3 Nxd5 4. Bc4 Nb6 5. Bb3 Nc6 6. Qf3 e6 7. Nge2 Na5 8.
d4 Bd6 9. Ne4 O-O 10. O-O Bd7 11. Nxd6 cxd6 12. c3 Nxb3 13. axb3 Bc6 14. Qg3 e5
15. Bh6 Qf6 16. Bg5 Qf5 17. Bh6 Qg6 18. Qxg6 hxg6 19. Bd2 Be4 20. Rfe1 Bc2 21.
f4 e4 22. Nc1 d5 23. Ra5 a6 24. Be3 Rad8 25. h3 f5 26. Re2 Bd1 27. Rd2 Bh5 28.
Rf2 Rd7 29. Kh2 Kf7 30. Ra1 Kf6 31. Na2 Ke6 32. Nb4 Rdf7 33. Kg3 Rd8 34. Rc2 Rdf8
35. h4 Ra8 36. c4 a5 37. cxd5+ Kd6 38. Na2 Nxd5 39. Kf2 Rc7 40. Rac1 Rxc2+ 41.
Rxc2 Bd1 42. Rc5 Bxb3 43. Nc3 Nxc3 44. Rxc3 Bd5 45. Bd2 b6 46. Rg3 Bf7 47. h5
gxh5 48. Rxg7 Be6 49. Rb7 Kc6 1/2-1/2

[Event "Druzynowe Mistrzostwa Polski Seniorow - II Liga"]
[Site "Szczyrk, CKiR Orle Gniazdo ul. Wrzosowa 28a "]
[Date "1899-12-30"]
[Round "2.58"]
[White "Konieczynski, Piotr"]
[Black "Gmaj, Krzysztof"]
[Result "1/2-1/2"]
[WhiteTitle "I"]
[BlackTitle "k"]
[WhiteElo "1965"]
[BlackElo "2142"]

1. d4 f5 2. c4 Nf6 3. g3 g6 4. Bg2 Bg7 5. Nc3 d6 6. Nf3 O-O 7. O-O c6 8. b3 Na6
9. Bb2 Qc7 10. Re1 e5 11. e4 fxe4 12. dxe5 dxe5 13. Nxe4 Bg4 14. h3 Rad8 15. Qe2
Bxf3 16. Bxf3 Nxe4 17. Bxe4 Nc5 18. Rad1 Nxe4 19. Qxe4 Qb6 20. Qe2 Rfe8 21. Rxd8
Rxd8 22. Rd1 Rxd1+ 23. Qxd1 Qc7 24. Qg4 Qe7 25. Qe4 Qd6 26. Kg2 a6 27. Bc3 Kf7
28. Qf3+ Kg8 29. Qg4 Qe7 30. Qe4 Qd6 31. Qg4 Qe7 32. Qe4 Qe6 33. Qg4 Qe7 34. Qe4
Qd6 35. Qg4 Qe7 36. Qe4 Qd6 37. Qg4 Qe7 38. Qe4 Qd6 39. Qg4 Qe7 40. Qe4 Qd6 41.
Qg4 Qe7 42. Qe4 Qd6 43. Qg4 Qe7 1/2-1/2

[Event "Druzynowe Mistrzostwa Polski Seniorow - II Liga"]
[Site "Szczyrk, CKiR Orle Gniazdo ul. Wrzosowa 28a "]
[Date "1899-12-30"]
[Round "2.60"]
[White "Weglarz, Joanna"]
[Black "Jakubiec, Edyta"]
[Result "1-0"]
[WhiteTitle "k"]
[BlackTitle "WIM"]
[WhiteElo "2004"]
[BlackElo "2212"]

1. Nf3 d6 2. d4 Nd7 3. e4 g6 4. Bc4 Nb6 5. Bb3 Bg7 6. O-O a5 7. a4 Nf6 8. Qe2 O-O
9. Rd1 e6 10. Bg5 h6 11. Bxf6 Qxf6 12. Nc3 Qe7 13. e5 Bd7 14. Nb5 dxe5 15. Nxe5
Be8 16. Nc4 Nd5 17. Ne3 Nf6 18. c3 Bc6 19. Na3 Nh5 20. g3 e5 21. Bd5 exd4 22.
Bxc6 bxc6 23. cxd4 Rfd8 24. Qc4 Rab8 25. Qxc6 Rxb2 26. Nb5 Qg5 27. Qxc7 Re8 28.
Ra3 Qf6 29. Rf1 Qf3 30. Nc4 Rb3 1-0

[Event "Druzynowe Mistrzostwa Polski Seniorow - II Liga"]
[Site "Szczyrk, CKiR Orle Gniazdo ul. Wrzosowa 28a "]
[Date "1899-12-30"]
[Round "2.61"]
[White "Rudolf, Michal"]
[Black "Betkowski, Andrzej"]
[Result "1-0"]
[WhiteTitle "FM"]
[BlackTitle "k"]
[WhiteElo "2360"]
[BlackElo "2063"]

1. e4 e6 2. d4 d5 3. Nc3 Nc6 4. Nf3 Nf6 5. Bd3 Bb4 6. Bg5 dxe4 7. Bxe4 h6 8. Bxf6
Qxf6 9. O-O Bxc3 10. bxc3 O-O 11. Rb1 Rd8 12. Qe2 Rd6 13. Ne5 Nd8 14. Rfd1 Rb6
15. Rb3 Qe7 16. c4 Rxb3 17. cxb3 c6 18. Bc2 f5 19. Rd3 Nf7 20. Rg3 Nxe5 21. Qxe5
Qf7 22. Bd1 Bd7 23. Bh5 Qe7 24. d5 cxd5 25. cxd5 Rc8 26. h3 g5 27. Re3 Rc1+ 28.
Kh2 f4 29. Re4 Qc5 30. dxe6 Qxf2 31. Bf7+ Kf8 32. e7+ Kxf7 33. e8=Q+ 1-0

[Event "Druzynowe Mistrzostwa Polski Seniorow - II Liga"]
[Site "Szczyrk, CKiR Orle Gniazdo ul. Wrzosowa 28a "]
[Date "1899-12-30"]
[Round "2.62"]
[White "Kusina, Jan"]
[Black "Warszawski, Bartosz"]
[Result "1/2-1/2"]
[WhiteTitle "k+"]
[BlackTitle "m"]
[WhiteElo "2043"]
[BlackElo "2282"]

1. d4 Nf6 2. Nf3 e6 3. c4 Bb4+ 4. Bd2 Qe7 5. a3 Bxd2+ 6. Nbxd2 d6 7. e4 e5 8. d5
O-O 9. g3 a5 10. b3 Na6 11. Bg2 Nh5 12. O-O g6 13. Ne1 c6 14. Nd3 f5 15. dxc6
bxc6 16. exf5 Bxf5 17. Ne4 Rad8 18. Nc3 Rc8 19. Ra2 Ng7 20. Re1 Ne6 21. Rd2 Qf6
22. Ne4 Bxe4 23. Rxe4 Ng5 24. Re3 Ne6 25. Re4 Ng5 26. Re3 Ne6 27. Re4 Ng5 28.
Re3 Ne6 1/2-1/2

[Event "Druzynowe Mistrzostwa Polski Seniorow - II Liga"]
[Site "Szczyrk, CKiR Orle Gniazdo ul. Wrzosowa 28a "]
[Date "1899-12-30"]
[Round "2.63"]
[White "Kaim, Piotr"]
[Black "Piskorz, Henryk"]
[Result "0-1"]
[WhiteTitle "k++"]
[BlackTitle "k"]
[WhiteElo "2216"]
[BlackElo "2040"]

1. Nf3 f5 2. g3 Nf6 3. Bg2 c5 4. d4 cxd4 5. Nxd4 Nc6 6. O-O Nxd4 7. Qxd4 g6 8.
Nc3 Bg7 9. Qc4 e6 10. Bf4 d5 11. Qb4 a6 12. Be5 Kf7 13. Rad1 Nd7 14. Bxg7 Kxg7
15. Qd6 Re8 16. e3 Qb6 17. Qxb6 Nxb6 18. Ne2 Bd7 19. Nf4 Rac8 20. c3 g5 21. Nd3
Bb5 22. Rfe1 Na4 23. Bf1 Bxd3 24. Rxd3 Nxb2 25. Rd4 b5 26. g4 fxg4 27. Rxg4 Kf6
28. h4 Rg8 29. hxg5+ Rxg5 30. Rxg5 Kxg5 31. Bh3 Kf6 32. e4 Rxc3 33. exd5 Rxh3
34. Rxe6+ Kg7 35. Rxa6 Rd3 36. Ra7+ Kg6 37. Ra6+ Kg5 38. d6 Nc4 39. Ra7 Nxd6 40.
Rxh7 Ra3 41. Rd7 Ra6 42. Rc7 Rxa2 43. Rc6 Rd2 44. Kf1 Kf5 45. Ke1 Rd5 46. Rb6
Ke4 47. Ke2 Kd4 48. Rc6 Nc4 49. Kd1 Kc3+ 0-1

[Event "Druzynowe Mistrzostwa Polski Seniorow - II Liga"]
[Site "Szczyrk, CKiR Orle Gniazdo ul. Wrzosowa 28a "]
[Date "1899-12-30"]
[Round "2.64"]
[White "Czernicki, Bogdan"]
[Black "Chalupnik, Marcin"]
[Result "1/2-1/2"]
[WhiteTitle "k"]
[BlackTitle "k++"]
[WhiteElo "1856"]
[BlackElo "2215"]

1. d4 Nf6 2. Nf3 g6 3. c4 c5 4. e3 Bg7 5. Nc3 O-O 6. Be2 b6 7. O-O e6 8. dxc5 bxc5
9. Qd6 Qb6 10. Rd1 Bb7 11. Ne1 Rd8 12. Bf3 Bxf3 13. Nxf3 Nc6 14. e4 Qb4 15. Qd3
Na5 16. Nd2 Ng4 17. a3 Qb8 18. Nf3 Nb3 19. Rb1 Nd4 20. g3 Nxf3+ 21. Qxf3 Ne5 22.
Qe2 Qb3 23. Bg5 Rdc8 24. Rbc1 Rab8 25. Nb5 Nf3+ 26. Kg2 Nxg5 27. h4 Qxb2 28. Rc2
Qf6 29. hxg5 Qxg5 30. Rxd7 a6 31. Nd6 Rf8 32. f4 Qh5 33. Qxh5 gxh5 34. e5 Rb3
35. a4 f6 36. exf6 Bxf6 37. Ne4 Bd4 38. Ng5 e5 39. Ne6 Rf6 40. Nxd4 exd4 41. Re2
Rf7 42. Rd8+ Kg7 43. Re5 Rc7 44. Rg5+ Kf6 45. Rd6+ Ke7 46. Rxa6 Kd7 47. Rxh5 Rb4
48. Rxh7+ Kc8 49. Rxc7+ Kxc7 50. f5 1/2-1/2

[Event "Druzynowe Mistrzostwa Polski Seniorow - II Liga"]
[Site "Szczyrk, CKiR Orle Gniazdo ul. Wrzosowa 28a "]
[Date "1899-12-30"]
[Round "2.65"]
[White "Rams, Michal"]
[Black "Jewulski, Krzysztof"]
[Result "1-0"]
[WhiteTitle "k+"]
[BlackTitle "I"]
[WhiteElo "2234"]
[BlackElo "1878"]

1. e4 e6 2. d4 d5 3. Nc3 dxe4 4. Nxe4 Nd7 5. g3 Ngf6 6. Nxf6+ Nxf6 7. Bg2 c5 8.
Ne2 cxd4 9. Qxd4 Qxd4 10. Nxd4 Bc5 11. Nb3 Bd6 12. O-O Rb8 13. Rd1 Ke7 14. Na5
Bc7 15. Bd2 Rd8 16. Bb4+ Ke8 17. c4 Rxd1+ 18. Rxd1 Bxa5 19. Bxa5 b6 20. Bc3 Bd7
21. b3 Rc8 22. a4 Bc6 23. f3 Rd8 24. Rxd8+ Kxd8 25. a5 Kc7 26. axb6+ axb6 27.
Kf2 Ne8 28. Bf1 f6 29. Bd3 h6 30. Bg6 Nd6 31. Bb4 b5 32. Bd3 bxc4 33. bxc4 Ba4
34. Ke3 Kc6 35. f4 Bd1 36. Kd4 Bf3 37. h4 g5 38. hxg5 hxg5 39. Bxd6 Kxd6 40. fxg5
fxg5 41. c5+ Ke7 42. Ke5 Bd5 43. Be4 Bxe4 44. Kxe4 Kd7 45. Ke5 Kc6 46. Kxe6 Kxc5
47. Kf5 Kd6 48. Kxg5 Ke7 49. Kg6 Kf8 50. g4 Kg8 51. g5 Kf8 52. Kh6 Kf7 53. g6+
Kf6 54. g7 Ke5 55. g8=Q 1-0

[Event "Druzynowe Mistrzostwa Polski Seniorow - II Liga"]
[Site "Szczyrk, CKiR Orle Gniazdo ul. Wrzosowa 28a "]
[Date "1899-12-30"]
[Round "2.66"]
[White "Jablonska, Sabina"]
[Black "Bednarska-bzdega, Malgorzata"]
[Result "0-1"]
[WhiteTitle "k"]
[BlackTitle "WFM"]
[WhiteElo "1985"]
[BlackElo "2049"]

1. e3 Nf6 2. c4 c5 3. b3 g6 4. Bb2 Bg7 5. Nf3 O-O 6. Be2 Nc6 7. O-O b6 8. d3 Bb7
9. Nbd2 d5 10. Rc1 Rc8 11. Re1 Qd6 12. cxd5 Nxd5 13. Nc4 Qb8 14. Bxg7 Kxg7 15.
d4 Rfd8 16. Qd2 Nf6 17. Qb2 cxd4 18. exd4 Nb4 19. Nce5 Nbd5 20. Bc4 e6 21. Ng5
Rf8 22. Ne4 Nxe4 23. Rxe4 Qd6 24. Rh4 Ne7 25. Rh3 Bd5 26. Qd2 Ng8 27. Ng4 Rfd8
28. Nh6 Bxc4 29. Nxg8 Kxg8 30. bxc4 Qxd4 31. Qxd4 Rxd4 32. Rhc3 Rc5 33. Kf1 Kf8
34. Ke2 Re5+ 35. Re3 Rc5 36. Rec3 Ke7 37. Ke3 Rd7 38. Ke2 e5 39. Re3 Kf6 40. Rf3+
Ke6 41. Re3 f5 42. f3 b5 43. Ra3 Rxc4 44. Rxc4 bxc4 45. Rc3 Kd5 46. Ke3 Kc5 47.
a3 Rd3+ 0-1

[Event "Druzynowe Mistrzostwa Polski Seniorow - II Liga"]
[Site "Szczyrk, CKiR Orle Gniazdo ul. Wrzosowa 28a "]
[Date "1899-12-30"]
[Round "2.67"]
[White "Kaczmarek, Aleksander"]
[Black "Krzywda, Andrzej"]
[Result "1-0"]
[WhiteTitle "k+"]
[BlackTitle "k"]
[WhiteElo "2289"]
[BlackElo "2126"]

1. e4 Nf6 2. e5 Nd5 3. c4 Nb6 4. a4 d6 5. a5 N6d7 6. exd6 cxd6 7. d4 g6 8. Nf3
Bg7 9. Be2 O-O 10. Nc3 Nc6 11. O-O Nxa5 12. Be3 b6 13. b4 Nc6 14. Qa4 Bb7 15.
d5 Nce5 16. Nd4 Rc8 17. Qb3 a6 18. f4 Nxc4 19. Bxc4 Qc7 20. Nc6 Bxc6 21. Bxa6
Bxc3 22. dxc6 Qxc6 23. Bxc8 Rxc8 24. Rac1 Nf6 25. Kh1 Nd5 26. Bd2 Qc4 27. Qxc4
Rxc4 28. Rf3 Rxb4 29. Bxc3 Nxc3 30. Rfxc3 Kg7 31. g3 h5 32. Rf3 b5 33. Rff1 Rd4
34. Rfd1 Ra4 35. Rb1 h4 36. Rxb5 Kf6 37. Kg2 hxg3 38. hxg3 Ra7 39. Rd3 Rc7 40.
g4 Rd7 41. g5+ Kg7 42. Rdb3 e6 43. Rb7 Rd8 44. Rb8 Rd7 45. R3b7 1-0

[Event "Druzynowe Mistrzostwa Polski Seniorow - II Liga"]
[Site "Szczyrk, CKiR Orle Gniazdo ul. Wrzosowa 28a "]
[Date "1899-12-30"]
[Round "2.68"]
[White "Zgadzaj, Rafal"]
[Black "Paprocki, Jaroslaw"]
[Result "1/2-1/2"]
[WhiteTitle "k"]
[BlackTitle "k"]
[WhiteElo "2145"]
[BlackElo "2216"]

1. Nf3 g6 2. d4 Nf6 3. g3 Bg7 4. b3 c5 5. Bb2 cxd4 6. Nxd4 d5 7. Bg2 O-O 8. O-O
Na6 9. Na3 Qa5 10. Qe1 Qb6 11. e3 Nc5 12. h3 Bd7 13. Qe2 Rfe8 14. Rfd1 a6 15.
Nf3 Bf5 16. Nd4 Bd7 17. Nf3 Bf5 18. Nd4 Bd7 19. Nf3 Bf5 20. Nd4 1/2-1/2